| 000 | 00909nam a2200229Ii 4500 | ||
|---|---|---|---|
| 003 | JO-AjNU | ||
| 008 | 230605s9999||||xx |||||||||||||| ||und|| | ||
| 017 | _a1997/7509 | ||
| 020 | _a977-01-5235-8 | ||
| 040 |
_aJO-AjNU _bara _erda _cJO-AjNU |
||
| 041 | _aara | ||
| 050 | 1 | 4 | _aBP187.65.E3.D8612 1997 |
| 100 | 3 |
_aتاليف دودج، بيارد؛ ترجمة حسين فوزي النجار, _eauthor _957075 |
|
| 245 | 0 | 0 | _aالأزهز في ألف عام |
| 264 | 3 | 1 | _aالقاهرة: الهيئية المصرية العامة للكتاب، 1997 |
| 300 | _a191ص | ||
| 336 |
_atext _btxt _2rdacontent |
||
| 337 |
_aunmediated _bn _2rdamedia |
||
| 338 |
_avolume _bnc _2rdacarrier |
||
| 490 | 0 | _a الاعمال الدينية: مهرجان القراءة للجميع | |
| 650 | 4 |
_aالازهر الشريف - تاريخ - المساجد - التعليم الديني الاسلامي - مصر _957076 |
|
| 999 |
_aA25555 _c29123 _d29123 |
||